Hương sen Thơ Đồng Tháp Mười

Guardado en:
Detalles Bibliográficos
Formato: Libro
Lenguaje:Undetermined
Publicado: Đồng Tháp Hội Văn nghệ Đồng Tháp 1984
Materias:
Etiquetas: Agregar Etiqueta
Sin Etiquetas, Sea el primero en etiquetar este registro!
Thư viện lưu trữ: Trung tâm Học liệu Trường Đại học Cần Thơ
LEADER 00505nam a2200169Ia 4500
001 CTU_10831
008 210402s9999 xx 000 0 und d
082 |a 895.9221 
082 |b H561 
245 0 |a Hương sen 
245 0 |b Thơ Đồng Tháp Mười 
260 |a Đồng Tháp 
260 |b Hội Văn nghệ Đồng Tháp 
260 |c 1984 
650 |a vietnamese poetry 
904 |i Nguyễn Quang Điền, 961012 
980 |a Trung tâm Học liệu Trường Đại học Cần Thơ